MARC details
| 000 -LEADER |
| fixed length control field |
00938nam a2200241Ia 4500 |
| 003 - CONTROL NUMBER IDENTIFIER |
| control field |
IN-BaIIA |
| 008 - FIXED-LENGTH DATA ELEMENTS--GENERAL INFORMATION |
| fixed length control field |
211028s9999 xx 000 0 eng d |
| 020 ## - INTERNATIONAL STANDARD BOOK NUMBER |
| International Standard Book Number |
90-277-0149-0 |
| 040 ## - CATALOGING SOURCE |
| Transcribing agency |
IIA Library |
| 080 ## - UNIVERSAL DECIMAL CLASSIFICATION NUMBER |
| Universal Decimal Classification number |
082.2:52 |
| Item number |
IAU-S47 |
| 110 ## - MAIN ENTRY--CORPORATE NAME |
| Corporate name or jurisdiction name as entry element |
International Astronomical Union |
| 111 ## - MAIN ENTRY--MEETING NAME |
| Meeting name or jurisdiction name as entry element |
International Astronomical Union Symposium |
| Number of part/section/meeting |
47th |
| Location of meeting |
University of Newcastle-Upon-Tyne, England |
| Date of meeting or treaty signing |
1971 Mar. 22-26 |
| 9 (RLIN) |
7210 |
| 245 #4 - TITLE STATEMENT |
| Title |
The Moon |
| Remainder of title |
proceedings from IAU symposium no. 47, held in the University of Newcastle-Upon-Tyne, England, March 22-26 , 1971 |
| Statement of responsibility, etc. |
edited by Stanley Keith Runcorn and Harold Clayton Urey |
| 260 ## - PUBLICATION, DISTRIBUTION, ETC. |
| Place of publication, distribution, etc. |
Dordrecht |
| Name of publisher, distributor, etc. |
D. Reidel Publishing |
| Date of publication, distribution, etc. |
1972 |
| 300 ## - PHYSICAL DESCRIPTION |
| Extent |
xvi, 471p. |
| 490 ## - SERIES STATEMENT |
| Series statement |
IAU Symposium; no. 47 |
| 650 ## - SUBJECT ADDED ENTRY--TOPICAL TERM |
| Topical term or geographic name entry element |
Astronomy and Astrophysics Thesaurus |
| 650 ## - SUBJECT ADDED ENTRY--TOPICAL TERM |
| Topical term or geographic name entry element |
Moon |
| 650 ## - SUBJECT ADDED ENTRY--TOPICAL TERM |
| Topical term or geographic name entry element |
Solar system |
| 700 ## - ADDED ENTRY--PERSONAL NAME |
| Personal name |
Runcorn, Stanley Keith., ed. |
| 9 (RLIN) |
7211 |
| 700 ## - ADDED ENTRY--PERSONAL NAME |
| Personal name |
Urey, Harold Clayton., ed. |
| 9 (RLIN) |
7212 |
| 942 ## - ADDED ENTRY ELEMENTS (KOHA) |
| Koha item type |
Books |